000 00707nam0a22002531 4500
001 RU\NLR\INFOCOMM5\ROSSICA\1000296126
005 20250613191734.0
035 _a(NLR Aleph) 009939961
090 _a10758026
_c10758026
100 _a20030521d1823 |||y0rusy50 ca
101 0 _ager
102 _aRU
105 _ay ||||000ay
200 1 _aBeurtheilung einer Schrift: Alterthümer am Nordgestade des Pontus
_fHeinr. C. Ernst Köhler
210 _aSt.Petersburg
_d1823
215 _d
700 1 _aKöhler
_bH.C.E.
_gHeinr. C. Ernst
_4070
801 1 _aRU
_bInfoComm
_c20030521
801 0 _aRU
_bNLR
_gPSBO
852 _aNLR
_j13.9.1.32
942 _cBOOK
980 _aNB
980 _aRossica